[Event "Sparkassen-Open A"]
[Site "Heusenstamm, Martinsee"]
[Date "2021.11.21"]
[Round "6.33"]
[White "Steinle, Carsten"]
[Black "Diez, Gerhard"]
[Result "1-0"]
[WhiteElo "2117"]
[BlackElo "1986"]
[PlyCount "53"]
[EventDate "2021.??.??"]
[WhiteTeam "SV Ahlen"]
[BlackTeam "SC Bad Nauheim"]

1. e4 c5 2. b3 Nf6 3. e5 Nd5 4. Qf3 e6 5. Bb2 Nc6 6. Bc4 Ndb4 7. Na3 d5 8. exd6
Qxd6 9. Nh3 Ne5 10. Bb5+ Kd8 11. Qe2 f6 12. Rd1 Nd5 13. O-O a6 14. f4 Nc6 15.
Bxc6 Qxc6 16. c4 Nc7 17. d4 cxd4 18. Bxd4 Bd7 19. Nc2 a5 20. Rd3 Kc8 21. Rfd1
Na6 22. Nf2 Nb8 23. Ne4 Be7 24. Bf2 Ra6 25. Nd4 Qc7 26. Nb5 Qc6 27. Rd6 1-0

[Event "Sparkassen-Open A"]
[Site "Heusenstamm, Martinsee"]
[Date "2021.11.21"]
[Round "6.34"]
[White "Cichy, Michael"]
[Black "Hänselmann, Hendrik"]
[Result "1/2-1/2"]
[WhiteElo "2059"]
[BlackElo "1865"]
[PlyCount "126"]
[EventDate "2021.??.??"]
[WhiteTeam "SC BS Gliesmarode"]
[BlackTeam "Karlsruher SF"]

1. d4 Nf6 2. Nf3 g6 3. c4 Bg7 4. Nc3 d6 5. e4 O-O 6. Be2 c6 7. O-O e5 8. Qc2
Re8 9. d5 Na6 10. Bg5 h6 11. Bd2 Bd7 12. Rac1 Rc8 13. Qb1 Rf8 14. a3 cxd5 15.
cxd5 Ne8 16. Nb5 Bxb5 17. Bxb5 Nac7 18. Bd3 Qd7 19. g3 Nf6 20. Kg2 Rfe8 21.
Rfe1 Kh7 22. Rc4 Na8 23. Rxc8 Rxc8 24. Rc1 Nb6 25. Rxc8 Qxc8 26. Ne1 Nfd7 27.
Qc2 Qxc2 28. Bxc2 Nc4 29. Bc1 Kg8 30. b3 Ncb6 31. Bd2 Kf8 32. f3 Ke7 33. Kf2
Kd8 34. Ke2 Kc7 35. Nd3 Kd8 36. Nb2 Ke7 37. Bb4 Nc5 38. Nd3 Nbd7 39. Nxc5 Nxc5
40. Bd2 Kd8 41. b4 Nd7 42. Kd3 Kc7 43. a4 Bf8 44. Kc4 Nb6+ 45. Kb3 Nd7 46. Bd3
a6 47. Be3 Bg7 48. a5 f6 49. Bf1 Bf8 50. Ka4 g5 51. Bh3 Be7 52. Bf1 Bf8 53. b5
axb5+ 54. Kxb5 Nc5 55. Bc4 Be7 56. Kb4 Bf8 57. Bxc5 dxc5+ 58. Kb5 Bd6 59. Bf1
Bf8 60. Bh3 Bd6 61. Bf5 Bf8 62. Bg6 Bd6 63. Be8 Be7 1/2-1/2

[Event "Sparkassen-Open A"]
[Site "Heusenstamm, Martinsee"]
[Date "2021.11.21"]
[Round "6.35"]
[White "Stumpf, Daniel"]
[Black "Swoboda, Philipp"]
[Result "1-0"]
[WhiteElo "1931"]
[BlackElo "1976"]
[PlyCount "107"]
[EventDate "2021.??.??"]
[WhiteTeam "SW Lichtenrade"]
[BlackTeam "SV Frankfurt Nord"]

1. c4 e5 2. g3 c6 3. Nf3 e4 4. Nd4 d5 5. cxd5 Qxd5 6. Nc2 Nf6 7. Nc3 Qh5 8. Ne3
Bh3 9. Qb3 b6 10. Qc2 Bxf1 11. Rxf1 Qg6 12. b3 Nbd7 13. Bb2 Bd6 14. h4 h5 15.
O-O-O O-O 16. f3 Rfe8 17. fxe4 Nxe4 18. Nxe4 Qxe4 19. Qxe4 Rxe4 20. Nf5 Bf8 21.
Rf2 Rae8 22. e3 c5 23. d3 Rg4 24. e4 g6 25. Ne3 Bh6 26. Rf3 Ne5 27. Bxe5 Rxe5
28. Kc2 Bxe3 29. Rxe3 f5 30. Rde1 f4 31. Rf3 fxg3 32. Rg1 g5 33. Rfxg3 Rxg3 34.
Rxg3 Kh7 35. Kd2 gxh4 36. Rh3 Kg6 37. Rxh4 Rg5 38. Rf4 Rg2+ 39. Ke3 Rxa2 40. e5
Kg5 41. Rf1 b5 42. Ke4 Re2+ 43. Kd5 Re3 44. d4 cxd4 45. Kxd4 Re2 46. Kd5 h4 47.
e6 h3 48. b4 h2 49. Kd6 Rd2+ 50. Kc7 Rf2 51. Re1 Kg4 52. e7 Rf7 53. Kd8 Rxe7
54. Kxe7 1-0

[Event "Sparkassen-Open A"]
[Site "Heusenstamm, Martinsee"]
[Date "2021.11.21"]
[Round "6.36"]
[White "Calvi, Stefan"]
[Black "Ungurean, Florin-Ioan"]
[Result "0-1"]
[WhiteElo "2053"]
[BlackElo "1970"]
[PlyCount "116"]
[EventDate "2021.??.??"]
[WhiteTeam "SF Frankfurt"]
[BlackTeam "Wiesbadener SV"]

1. e4 c5 2. c3 d5 3. exd5 Qxd5 4. d4 Nc6 5. Nf3 Bg4 6. dxc5 Qxd1+ 7. Kxd1 e5 8.
b4 a5 9. Bb5 Nge7 10. Nbd2 O-O-O 11. a3 Nd5 12. Bxc6 bxc6 13. Kc2 Bf5+ 14. Kb2
f6 15. Nc4 a4 16. Be3 Be6 17. Rhd1 Be7 18. Rac1 Kb7 19. Nfd2 Nxe3 20. fxe3 Rd3
21. Nd6+ Bxd6 22. cxd6 f5 23. Nf1 Rxd1 24. Rxd1 Bb3 25. Rc1 Rd8 26. Nd2 Be6 27.
Nf3 Rxd6 28. Nxe5 Bb3 29. Nf3 Rd3 30. c4 Rxe3 31. Nd4 Rd3 32. Nxb3 Rxb3+ 33.
Ka2 Re3 34. Rc2 g5 35. Rf2 f4 36. h4 h6 37. hxg5 hxg5 38. c5 Ka6 39. Kb2 Kb5
40. Rd2 g4 41. Rd4 f3 42. Rxg4 Re2+ 43. Kc3 Rxg2 44. Rf4 Ra2 45. Rf8 Rxa3+ 46.
Kd4 Ka6 47. Rf6 Kb7 48. Rf7+ Kc8 49. b5 cxb5 50. c6 Kd8 51. Kc5 Ke8 52. Rf4
Rc3+ 53. Kb6 a3 54. Rh4 a2 55. Rh1 b4 56. c7 b3 57. Rf1 Ke7 58. Rxf3 a1=Q 0-1

[Event "Sparkassen-Open A"]
[Site "Heusenstamm, Martinsee"]
[Date "2021.11.21"]
[Round "6.37"]
[White "Makilla, Tobias"]
[Black "Blübaum, Johanna"]
[Result "0-1"]
[WhiteElo "1924"]
[BlackElo "2046"]
[PlyCount "80"]
[EventDate "2021.??.??"]
[WhiteTeam "SC Hattersheim"]
[BlackTeam "SK Marburg"]

1. e4 e6 2. b3 d5 3. Bb2 Nf6 4. e5 Nfd7 5. Qg4 c5 6. f4 Nc6 7. Nf3 g6 8. Be2 b6
9. O-O Bb7 10. Nc3 a6 11. Rae1 Be7 12. Nxd5 exd5 13. e6 f6 14. exd7+ Qxd7 15.
Qh4 d4 16. Bc4 Kd8 17. c3 Kc7 18. cxd4 cxd4 19. Qf2 Bc5 20. d3 Rad8 21. a3 b5
22. Be6 Qd6 23. b4 Bb6 24. Nd2 f5 25. Re2 Rhe8 26. Rfe1 Re7 27. Ba2 Rde8 28.
Rxe7+ Rxe7 29. Rc1 Re3 30. Bb1 Qe7 31. Kf1 Kb8 32. Nb3 Qd6 33. Nc5 Ne7 34. Nxb7
Kxb7 35. Re1 Nd5 36. Rxe3 Nxe3+ 37. Kg1 Qd5 38. Bc1 Nd1 39. Qf3 Qxf3 40. gxf3
Nc3 0-1

[Event "Sparkassen-Open A"]
[Site "Heusenstamm, Martinsee"]
[Date "2021.11.21"]
[Round "6.38"]
[White "Schmidbauer, Frank"]
[Black "Bardorz, Jana"]
[Result "1-0"]
[WhiteElo "2044"]
[BlackElo "1851"]
[PlyCount "63"]
[EventDate "2021.??.??"]
[WhiteTeam "SV Wollishofen Zuerich"]
[BlackTeam "TSV Rottendorf"]

1. Nf3 Nf6 2. g3 g6 3. Bg2 Bg7 4. c4 O-O 5. d4 d6 6. O-O c6 7. Nc3 Qb6 8. e4
Bg4 9. Rb1 Nfd7 10. Be3 c5 11. Nd5 Qd8 12. dxc5 dxc5 13. Qb3 b6 14. Nd2 Ne5 15.
f4 Nec6 16. h3 Nd4 17. Bxd4 Bxd4+ 18. Kh2 Bd7 19. e5 f6 20. exf6 exf6 21. Nxb6
axb6 22. Bxa8 Nc6 23. Bxc6 Bxc6 24. Nf3 Re8 25. Rfe1 Be4 26. Rbd1 f5 27. Nxd4
cxd4 28. c5+ Kh8 29. Qxb6 Qxb6 30. cxb6 Rb8 31. Rxd4 Rxb6 32. Rd2 1-0

[Event "Sparkassen-Open A"]
[Site "Heusenstamm, Martinsee"]
[Date "2021.11.21"]
[Round "6.39"]
[White "Klaska, Philipp Leon"]
[Black "Küpper, Martin"]
[Result "1-0"]
[WhiteElo "1745"]
[BlackElo "2013"]
[PlyCount "55"]
[EventDate "2021.??.??"]
[WhiteTeam "Düsseldorfer SV"]
[BlackTeam "SC Fulda"]

1. e4 g6 2. d4 Bg7 3. c3 d6 4. Nf3 Nf6 5. Bd3 Nbd7 6. O-O O-O 7. Qe2 e5 8. dxe5
dxe5 9. Be3 Qe7 10. Nbd2 h6 11. h3 Nh5 12. Rfe1 Nc5 13. Bc2 Ne6 14. a4 Nhf4 15.
Qc4 Re8 16. b4 g5 17. Nf1 Qf6 18. N3h2 h5 19. Ng3 g4 20. hxg4 hxg4 21. Nxg4 Qh4
22. Nh2 Ng5 23. Bd1 Be6 24. Qf1 Qh7 25. Bf3 Bf6 26. Ng4 Bxg4 27. Bxg4 Nxe4 28.
Bf5 1-0

[Event "Sparkassen-Open A"]
[Site "Heusenstamm, Martinsee"]
[Date "2021.11.21"]
[Round "6.40"]
[White "Benninger, Rudolf"]
[Black "Bahlo, Jens"]
[Result "0-1"]
[WhiteElo "2008"]
[BlackElo "1908"]
[PlyCount "58"]
[EventDate "2021.??.??"]
[WhiteTeam "SC Heusenstamm"]
[BlackTeam "SK Gießen"]

1. e4 c5 2. c3 e6 3. d4 d5 4. e5 Bd7 5. Be3 Qb6 6. Qd2 Nc6 7. Nf3 cxd4 8. cxd4
Na5 9. Nc3 Rc8 10. Rc1 Nc4 11. Bxc4 Rxc4 12. O-O Ne7 13. Ne2 Rxc1 14. Rxc1 Nc6
15. h4 Be7 16. Bg5 Bb4 17. Qc2 h6 18. Bd2 Be7 19. a3 a6 20. b4 O-O 21. Qd3 Qb5
22. Qe3 Qa4 23. Nf4 Rc8 24. Nh5 Bf8 25. Nh2 Ne7 26. g4 Rxc1+ 27. Bxc1 Qd1+ 28.
Kg2 Ng6 29. Nf3 Nxh4+ 0-1

[Event "Sparkassen-Open A"]
[Site "Heusenstamm, Martinsee"]
[Date "2021.11.21"]
[Round "6.41"]
[White "Nemitz, Alfred"]
[Black "Woestmann, Ulrich"]
[Result "1/2-1/2"]
[WhiteElo "1463"]
[BlackElo "2000"]
[PlyCount "73"]
[EventDate "2021.??.??"]
[WhiteTeam "USV Potsdam"]
[BlackTeam "SV Ahlen"]

1. d4 d6 2. Nf3 c6 3. c4 Qc7 4. Nc3 e5 5. e4 Nf6 6. Be2 Be7 7. h3 h6 8. Be3
Nbd7 9. Qd2 b6 10. g4 Nf8 11. O-O-O Bd7 12. Kb1 Ng6 13. Ne1 O-O-O 14. Nd3 Nh7
15. f4 exf4 16. Nxf4 Nxf4 17. Bxf4 Bg5 18. h4 Bxf4 19. Qxf4 f6 20. Bf3 Nf8 21.
Ne2 Kb8 22. Qe3 Ng6 23. g5 hxg5 24. hxg5 Nh4 25. gxf6 gxf6 26. Qf4 Nxf3 27.
Qxf3 Rhf8 28. Ng3 Qc8 29. Nf5 Bxf5 30. exf5 d5 31. Qf4+ Qc7 32. Qxc7+ Kxc7 33.
Rh7+ Rd7 34. Rxd7+ Kxd7 35. cxd5 cxd5 36. Rg1 Rf7 37. Kc2 1/2-1/2

[Event "Sparkassen-Open A"]
[Site "Heusenstamm, Martinsee"]
[Date "2021.11.21"]
[Round "6.42"]
[White "Müdder, Rafael"]
[Black "van den Hoff, Damian"]
[Result "1-0"]
[WhiteElo "1999"]
[BlackElo "1879"]
[PlyCount "73"]
[EventDate "2021.??.??"]
[WhiteTeam "SG Solingen"]
[BlackTeam "VL Niederlande"]

1. e4 e5 2. Nf3 Nc6 3. Bc4 Bc5 4. c3 Nf6 5. d4 exd4 6. cxd4 Bb4+ 7. Nc3 Nxe4 8.
O-O Bxc3 9. d5 Bf6 10. Re1 Ne7 11. Rxe4 O-O 12. Bg5 Ng6 13. Bxf6 Qxf6 14. Qd4
Qxd4 15. Nxd4 d6 16. Rc1 f5 17. Ree1 Bd7 18. Bb5 Bxb5 19. Nxb5 Nf4 20. Rxc7
Nxd5 21. Rxb7 Rab8 22. Nxd6 Rxb7 23. Nxb7 g6 24. Nd6 Nc7 25. g3 Rd8 26. Re7
Rxd6 27. Rxc7 Rd2 28. Rxa7 Rxb2 29. a4 Ra2 30. a5 g5 31. h4 g4 32. Kf1 h5 33.
a6 Kh8 34. Ke1 Kg8 35. Kd1 Rxf2 36. Rb7 Ra2 37. a7 1-0

[Event "Sparkassen-Open A"]
[Site "Heusenstamm, Martinsee"]
[Date "2021.11.21"]
[Round "6.43"]
[White "Schreiner, Roland"]
[Black "Ehrlacher, Markus"]
[Result "1-0"]
[WhiteElo "2104"]
[BlackElo "1902"]
[PlyCount "103"]
[EventDate "2021.??.??"]
[WhiteTeam "SC Heusenstamm"]
[BlackTeam "SC Iffezheim"]

1. d4 d5 2. c4 c6 3. Nf3 Nf6 4. Nc3 e6 5. cxd5 exd5 6. Qc2 g6 7. e3 Bf5 8. Bd3
Bxd3 9. Qxd3 Bg7 10. O-O O-O 11. b4 a6 12. a4 Nbd7 13. Ba3 Re8 14. b5 axb5 15.
axb5 Ne4 16. bxc6 bxc6 17. Nd2 Nxd2 18. Qxd2 Nb6 19. Bc5 Nc4 20. Rxa8 Qxa8 21.
Qa2 Bf8 22. Bxf8 Kxf8 23. Ra1 Qxa2 24. Rxa2 f5 25. g3 Rb8 26. Kg2 Rb2 27. Kf3
Rxa2 28. Nxa2 Ke7 29. Nb4 Kd6 30. Kf4 h6 31. h4 c5 32. dxc5+ Kxc5 33. Nd3+ Kd6
34. h5 gxh5 35. Kxf5 Nd2 36. Kg6 d4 37. exd4 Kd5 38. Nf4+ Kxd4 39. Nxh5 Nf3 40.
Kxh6 Kd3 41. Nf4+ Ke4 42. Nh3 Kf5 43. Kh5 Ne5 44. Ng5 Nd3 45. g4+ Kf6 46. Nh3
Ne5 47. Kh4 Nf3+ 48. Kg3 Ne5 49. f4 Nf7 50. Nf2 Kg6 51. f5+ Kf6 52. Kf4 1-0

[Event "Sparkassen-Open A"]
[Site "Heusenstamm, Martinsee"]
[Date "2021.11.21"]
[Round "6.44"]
[White "Mohr, Thomas"]
[Black "Minor, Viatcheslav"]
[Result "0-1"]
[WhiteElo "1887"]
[BlackElo "2041"]
[PlyCount "136"]
[EventDate "2021.??.??"]
[WhiteTeam "SC FK Babenhausen"]
[BlackTeam "SV Eisenach"]

1. f4 d5 2. Nf3 g6 3. e3 Bg7 4. d4 c5 5. c3 Nc6 6. Bd3 cxd4 7. exd4 Nf6 8. Qe2
O-O 9. O-O Bg4 10. h3 Bxf3 11. Rxf3 Rc8 12. Nd2 a6 13. Nb3 Re8 14. Rf1 Nd7 15.
g4 e6 16. Qf3 f5 17. g5 Qb6 18. Rb1 Nd8 19. Be3 Nf7 20. Nd2 Nd6 21. Kg2 Kf7 22.
Qe2 Qc6 23. Nf3 b5 24. a3 Nb6 25. Rbe1 Nbc4 26. Bc1 Ne4 27. h4 Red8 28. Rh1 a5
29. h5 Qb7 30. hxg6+ hxg6 31. Rh7 Rh8 32. Reh1 Rxh7 33. Rxh7 Kg8 34. Rh1 b4 35.
axb4 axb4 36. Bd2 bxc3 37. Bxc3 Qc7 38. Ne5 Nxe5 39. Bxe4 Nc6 40. Bd3 Kf7 41.
Re1 Qd6 42. Qe3 Rh8 43. Be2 Rb8 44. Bd1 Nb4 45. Bb3 Rb6 46. Ra1 Nc6 47. Bd1 Qb8
48. Be2 Ne7 49. Re1 Nc8 50. Bf3 Qd6 51. Re2 Qd7 52. Re1 Nd6 53. Rc1 Nc4 54. Qf2
Qb7 55. Rc2 Qb8 56. Bd1 Bf8 57. Kf3 Nd6 58. Qe3 Ne4 59. Kg2 Rc6 60. Re2 Bd6 61.
Kf3 Qh8 62. Kg2 Qh4 63. Bd2 Bc7 64. Re1 Nxd2 65. Rh1 Qxf4 66. Qh3 Qe4+ 67. Kf2
Qxd4+ 68. Ke2 Qe4+ 0-1

[Event "Sparkassen-Open A"]
[Site "Heusenstamm, Martinsee"]
[Date "2021.11.21"]
[Round "6.45"]
[White "Von Auer, Ulrich"]
[Black "Müdder, Melanie"]
[Result "1-0"]
[WhiteElo "2033"]
[BlackElo "1766"]
[PlyCount "83"]
[EventDate "2021.??.??"]
[WhiteTeam "SF Frankfurt"]
[BlackTeam "SG Solingen"]

1. Nf3 Nf6 2. c4 g6 3. Nc3 d5 4. cxd5 Nxd5 5. Qb3 e6 6. e4 Nb6 7. d4 Bg7 8. Be3
O-O 9. Be2 Nc6 10. Rd1 Na5 11. Qc2 Nac4 12. Bc1 Bd7 13. b3 Nd6 14. e5 Nf5 15.
Ne4 Bc6 16. Bg5 Bxe4 17. Qxe4 Qd5 18. Qc2 Bh6 19. Bxh6 Nxh6 20. O-O Rac8 21.
Bd3 Qd7 22. h4 Nd5 23. Be4 Rfd8 24. h5 Qe7 25. Rc1 b6 26. hxg6 hxg6 27. Bxd5
Rxd5 28. Qc6 Nf5 29. Rfd1 Nh4 30. Nxh4 Qxh4 31. Qb7 Rcd8 32. g3 Qg4 33. Qxc7
Rxd4 34. Qxd8+ Rxd8 35. Rxd8+ Kg7 36. Rd7 Qe2 37. Rcc7 Kh6 38. Rxf7 Qxa2 39.
Rc4 Qa1+ 40. Kg2 Qb2 41. Rh4+ Kg5 42. Kh3 1-0

[Event "Sparkassen-Open A"]
[Site "Heusenstamm, Martinsee"]
[Date "2021.11.21"]
[Round "6.46"]
[White "Junker, Christian"]
[Black "Tietzen, Stefan"]
[Result "1/2-1/2"]
[WhiteElo "2019"]
[BlackElo "1887"]
[PlyCount "71"]
[EventDate "2021.??.??"]
[WhiteTeam "SV Neu-Isenburg"]
[BlackTeam "SK Gernsheim"]

1. Nf3 Nf6 2. g3 d5 3. d3 g6 4. Bg2 Bg7 5. O-O O-O 6. Nbd2 c6 7. e4 dxe4 8.
dxe4 Ng4 9. h3 Ne5 10. Nxe5 Bxe5 11. Nc4 Qxd1 12. Rxd1 Bc7 13. Bh6 Re8 14. a4
Be6 15. Bf1 Na6 16. Be3 Nb4 17. Rd2 Red8 18. c3 Rxd2 19. Bxd2 Nd3 20. Bxd3 Rd8
21. Bf4 Bxf4 22. Bf1 Bc7 23. b4 h5 24. Kg2 Kg7 25. a5 f5 26. exf5 gxf5 27. Be2
Kf6 28. Ne3 f4 29. gxf4 Bxf4 30. Bxh5 Rd3 31. Rc1 Bxe3 32. fxe3 Rxe3 33. Bf3
Bxh3+ 34. Kf2 Rd3 35. a6 bxa6 36. Bxc6 1/2-1/2

[Event "Sparkassen-Open A"]
[Site "Heusenstamm, Martinsee"]
[Date "2021.11.21"]
[Round "6.47"]
[White "Stock, Jürgen"]
[Black "Berberich, Christoph"]
[Result "0-1"]
[WhiteElo "1874"]
[BlackElo "2017"]
[PlyCount "80"]
[EventDate "2021.??.??"]
[WhiteTeam "SC Steinbach"]
[BlackTeam "SGEM Dreisamtal"]

1. e4 c5 2. Nf3 Nc6 3. c3 d5 4. exd5 Qxd5 5. Be2 e5 6. Na3 e4 7. Bc4 Qh5 8. Qe2
Nf6 9. d3 Bg4 10. dxe4 O-O-O 11. Bf4 Bd6 12. Bxd6 Rxd6 13. Nb5 Rd7 14. O-O Ne5
15. Rfd1 Nxf3+ 16. gxf3 Bxf3 17. Qe3 Rxd1+ 18. Rxd1 Bxd1 19. Bxf7 Qxh2+ 20.
Kxh2 Ng4+ 21. Kg3 Nxe3 22. fxe3 Rf8 23. e5 Kd7 24. e6+ Ke7 25. e4 Be2 26. Nc7
Bc4 27. b3 Bxe6 28. Nxe6 Rxf7 29. Nxc5 Kd6 30. Nd3 Rf1 31. c4 Ra1 32. e5+ Ke6
33. a4 Rb1 34. Kf4 b6 35. b4 Rb3 36. Ke4 Rxd3 37. Kxd3 Kxe5 38. a5 bxa5 39. b5
h5 40. c5 Kd5 0-1

[Event "Sparkassen-Open A"]
[Site "Heusenstamm, Martinsee"]
[Date "2021.11.21"]
[Round "6.48"]
[White "Cors, Heinz-Friedrich"]
[Black "Eull, Emil"]
[Result "0-1"]
[WhiteElo "1858"]
[BlackElo "1799"]
[PlyCount "84"]
[EventDate "2021.??.??"]
[WhiteTeam "Schachforum Darmstadt"]
[BlackTeam "SF Neuberg"]

1. c4 e6 2. e4 d5 3. exd5 exd5 4. d4 c6 5. Nc3 Nf6 6. Nf3 Bg4 7. cxd5 Nxd5 8.
Be2 Be7 9. O-O Qb6 10. Re1 O-O 11. Ne5 Bxe2 12. Rxe2 Bf6 13. Ne4 Rd8 14. Nxf6+
Nxf6 15. Be3 Nd5 16. Qc2 Nd7 17. Nf3 h6 18. Rae1 Nf8 19. Ne5 Ne6 20. Qf5 Qc7
21. Ng4 Ne7 22. Qh5 Rd5 23. Qh3 Nf5 24. Nxh6+ Nxh6 25. Bxh6 gxh6 26. Qxh6 Ng7
27. Re7 Qb8 28. Qe3 b6 29. Qf3 Qf8 30. g4 Rxd4 31. h3 Rd6 32. Qf4 Re6 33. R7xe6
Nxe6 34. Qg3 Qb4 35. Re3 Qf4 36. Qh4 Rd8 37. Kg2 Rd2 38. Rf3 Qg5 39. Qg3 Qd5
40. Qb8+ Kg7 41. Kg3 Qd6+ 42. Qxd6 Rxd6 0-1

[Event "Sparkassen-Open A"]
[Site "Heusenstamm, Martinsee"]
[Date "2021.11.21"]
[Round "6.49"]
[White "Tremöhlen, Thomas"]
[Black "Mehlen, Theodor"]
[Result "1-0"]
[WhiteElo "1982"]
[BlackElo "1861"]
[PlyCount "55"]
[EventDate "2021.??.??"]
[WhiteTeam "SG Kaarst"]
[BlackTeam "SC Matt im Park"]

1. d4 d5 2. Bf4 c5 3. e3 Nc6 4. c3 Nf6 5. Nd2 e6 6. Ngf3 Be7 7. Bd3 O-O 8. Ne5
g6 9. h4 cxd4 10. exd4 Nxe5 11. dxe5 Nh5 12. Bh6 Ng7 13. h5 Bg5 14. hxg6 fxg6
15. Bxg7 Kxg7 16. Rxh7+ Kg8 17. Bxg6 Rf5 18. Bxf5 Qf8 19. Bd3 Qf4 20. Qe2 d4
21. c4 b5 22. c5 Ba6 23. b4 Rf8 24. O-O-O Rf5 25. Bxf5 Qxf5 26. Rxa7 d3 27. Qf3
Bf4 28. Qa8+ 1-0

[Event "Sparkassen-Open A"]
[Site "Heusenstamm, Martinsee"]
[Date "2021.11.21"]
[Round "6.50"]
[White "Kürschner, Matthias"]
[Black "Armbrust, Matthias"]
[Result "1-0"]
[WhiteElo "1978"]
[BlackElo "1833"]
[PlyCount "83"]
[EventDate "2021.??.??"]
[WhiteTeam "SK Langen"]
[BlackTeam "TSG Bretzenheim"]

1. e4 c5 2. c4 Nc6 3. Ne2 d6 4. d4 cxd4 5. Nxd4 Nf6 6. Nc3 g6 7. Be2 Bg7 8. Be3
Qa5 9. O-O O-O 10. Rb1 a6 11. f3 Bd7 12. Nb3 Qd8 13. Qd2 Ne5 14. Nd4 Qc7 15. b3
Rfc8 16. Rfc1 Qd8 17. Bf1 Rab8 18. Rc2 Nc6 19. Rcc1 Ne5 20. Kh1 Kh8 21. Bg5 Bc6
22. Nd5 Bxd5 23. cxd5 Qb6 24. Be3 Qd8 25. a4 Nfd7 26. a5 Rc7 27. Rxc7 Qxc7 28.
Rc1 Qd8 29. h3 Nf8 30. Qc3 Ned7 31. Qc7 Qe8 32. b4 Be5 33. f4 Bg7 34. Nf3 Nf6
35. Bd3 N8d7 36. Ba7 Rd8 37. Qxb7 e6 38. dxe6 fxe6 39. Qxa6 d5 40. Ng5 Nxe4 41.
Bxe4 dxe4 42. Qxe6 1-0

[Event "Sparkassen-Open A"]
[Site "Heusenstamm, Martinsee"]
[Date "2021.11.21"]
[Round "6.51"]
[White "Syed, Tareq"]
[Black "Homberger, Jan"]
[Result "0-1"]
[WhiteElo "1974"]
[BlackElo "1825"]
[PlyCount "80"]
[EventDate "2021.??.??"]
[WhiteTeam "SV Diag.Harburg"]
[BlackTeam "SSV Weimar"]

1. d3 g6 2. g3 Bg7 3. Bg2 d6 4. c4 e5 5. Nc3 Nf6 6. Rb1 O-O 7. b4 Nc6 8. b5 Ne7
9. Qb3 Kh8 10. a4 Nd7 11. Ba3 f5 12. a5 Rb8 13. Nf3 f4 14. Nd2 Nf5 15. Nde4 Nf6
16. Nxf6 Nd4 17. Qd1 Qxf6 18. Ne4 Qf5 19. O-O Qh5 20. Bf3 Nxf3+ 21. exf3 Bh3
22. g4 Qh4 23. b6 axb6 24. axb6 Ra8 25. Bb4 c5 26. Bc3 Rad8 27. Qb3 h5 28. g5
Rf5 29. Kh1 Bxf1 30. Rxf1 Bf8 31. Ra1 Be7 32. Qb2 Bxg5 33. Ra7 Qh3 34. Qe2 Rd7
35. Nxd6 Rxd6 36. Bxe5+ Rdf6 37. Bxf6+ Bxf6 38. Qe8+ Kh7 39. Rxb7+ Kh6 40. Qe2
Rg5 0-1

[Event "Sparkassen-Open A"]
[Site "Heusenstamm, Martinsee"]
[Date "2021.11.21"]
[Round "6.52"]
[White "Bittner, Peter"]
[Black "Chassard, Cedric"]
[Result "0-1"]
[WhiteElo "1862"]
[BlackElo "1954"]
[PlyCount "70"]
[EventDate "2021.??.??"]
[WhiteTeam "SC Nied"]
[BlackTeam "SC Schwarzenbach"]

1. e4 e5 2. Nf3 Nc6 3. Bb5 a6 4. Ba4 Nf6 5. O-O Be7 6. Re1 b5 7. Bb3 d6 8. h3
Na5 9. d4 exd4 10. e5 dxe5 11. Nxe5 O-O 12. Bd2 b4 13. a3 Bb7 14. Bxb4 Bxb4 15.
axb4 Nxb3 16. cxb3 Qd5 17. f3 Rfe8 18. Ra5 Qd6 19. Qd2 Nd5 20. Nd3 Qg3 21. Qf2
Rxe1+ 22. Nxe1 Qxf2+ 23. Kxf2 Nxb4 24. Rc5 Re8 25. Rxc7 Bc6 26. Nd2 Bb5 27. Nc4
d3 28. Nd2 g6 29. Nxd3 Nxd3+ 30. Kg3 Re2 31. Ne4 Ne1 32. Nd6 Rxg2+ 33. Kf4 Rf2
34. Kg5 Rxf3 35. h4 Kg7 0-1

[Event "Sparkassen-Open A"]
[Site "Heusenstamm, Martinsee"]
[Date "2021.11.21"]
[Round "6.53"]
[White "Niebler, Paul"]
[Black "Weiland, Thomas"]
[Result "1-0"]
[WhiteElo "1956"]
[BlackElo "1799"]
[PlyCount "147"]
[EventDate "2021.??.??"]
[WhiteTeam "VL Frankfurt"]
[BlackTeam "SV Oberursel"]

1. e4 b6 2. d4 Bb7 3. Bd3 e6 4. Nf3 d5 5. Nbd2 dxe4 6. Nxe4 Nf6 7. Qe2 Be7 8.
O-O Nbd7 9. c3 O-O 10. Bf4 Rc8 11. Rad1 Re8 12. Rfe1 Nxe4 13. Bxe4 Bxe4 14.
Qxe4 Nf6 15. Qe2 Nd5 16. Bg3 Bd6 17. c4 Nf4 18. Qe4 Ng6 19. a3 Bxg3 20. hxg3 c6
21. b4 a6 22. d5 exd5 23. Qxe8+ Qxe8 24. Rxe8+ Rxe8 25. cxd5 cxd5 26. Rxd5 b5
27. Rd6 Ra8 28. Kf1 f6 29. Ke2 Kf7 30. Kd3 Ke7 31. Rb6 Ra7 32. Kd4 Kd7 33. Rb8
Ne7 34. Kc5 Nc8 35. Nd4 Rc7+ 36. Kd5 Ne7+ 37. Ke4 g6 38. Ra8 f5+ 39. Kd3 Nc6
40. Rxa6 Ne5+ 41. Ke2 Rb7 42. Ra5 Nc6 43. Nxc6 Kxc6 44. Ra8 Rc7 45. Rd8 Re7+
46. Kf3 Ra7 47. Rd3 Re7 48. g4 Rf7 49. g5 Ra7 50. Kf4 Re7 51. g3 Re2 52. f3 Re7
53. g4 Rf7 54. Ke5 fxg4 55. fxg4 Rf1 56. Rd6+ Kc7 57. Rf6 Re1+ 58. Kd5 Re3 59.
Rf7+ Kb6 60. Rf6+ Kb7 61. Rf7+ Kb6 62. Rxh7 Rxa3 63. Rg7 Rg3 64. Rxg6+ Kb7 65.
Kc5 Rxg4 66. Kxb5 Re4 67. Rg7+ Kc8 68. g6 Re5+ 69. Ka4 Rg5 70. b5 Rg1 71. Ka5
Ra1+ 72. Kb6 Kd8 73. Ra7 Rg1 74. g7 1-0

[Event "Sparkassen-Open A"]
[Site "Heusenstamm, Martinsee"]
[Date "2021.11.21"]
[Round "6.54"]
[White "Vangsgaard, Claus"]
[Black "Zimmer, Gerald"]
[Result "1/2-1/2"]
[WhiteElo "1851"]
[BlackElo "1941"]
[PlyCount "55"]
[EventDate "2021.??.??"]
[WhiteTeam "Vejlby-Risskov"]
[BlackTeam "SC Bergen-Enkheim"]

1. e4 e6 2. d3 d5 3. Nd2 Bd7 4. g3 Bc6 5. Bg2 dxe4 6. Bxe4 Nf6 7. Bxc6+ Nxc6 8.
Nb3 Qd5 9. Qf3 Nb4 10. Qxd5 Nfxd5 11. Kd1 Be7 12. a3 Nc6 13. Be3 Bf6 14. Rb1
O-O-O 15. Ke2 Be7 16. Nf3 e5 17. Bc5 Bf6 18. Be3 h6 19. c4 Nde7 20. Nc5 Nf5 21.
g4 Nfd4+ 22. Bxd4 Nxd4+ 23. Nxd4 Rxd4 24. f3 Rhd8 25. Rbd1 g6 26. Ne4 Be7 27.
Nc3 c6 28. Rhg1 1/2-1/2

[Event "Sparkassen-Open A"]
[Site "Heusenstamm, Martinsee"]
[Date "2021.11.21"]
[Round "6.55"]
[White "Oster, Klaus"]
[Black "Rabiya, Karim"]
[Result "1-0"]
[WhiteElo "1937"]
[BlackElo "1803"]
[PlyCount "51"]
[EventDate "2021.??.??"]
[WhiteTeam "SF Sailauf"]
[BlackTeam "SK Niederbrechen"]

1. d4 Nf6 2. Nf3 e6 3. g3 c5 4. Bg2 Nc6 5. O-O cxd4 6. Nxd4 Bc5 7. Nb3 Bb6 8.
c4 d5 9. Nc3 dxc4 10. Qxd8+ Bxd8 11. Nd2 Na5 12. b4 cxb3 13. axb3 Bd7 14. b4
Nc6 15. Ba3 Be7 16. b5 Nd4 17. Bxe7 Kxe7 18. Bxb7 Rab8 19. Rxa7 Nxb5 20. Nxb5
Bxb5 21. Bc6+ Kf8 22. Rb1 Bxc6 23. Rxb8+ Be8 24. Nc4 g6 25. Nd6 Kg7 26. Raa8
1-0

[Event "Sparkassen-Open A"]
[Site "Heusenstamm, Martinsee"]
[Date "2021.11.21"]
[Round "6.56"]
[White "Meyer, Marcel"]
[Black "Rutsatz, Mario"]
[Result "1-0"]
[WhiteElo "1728"]
[BlackElo "1929"]
[PlyCount "76"]
[EventDate "2021.??.??"]
[WhiteTeam "SK Herborn"]
[BlackTeam "SF Frankfurt"]

1. d4 d5 2. c4 e6 3. Nc3 Be7 4. cxd5 exd5 5. Bf4 Nf6 6. e3 O-O 7. Bd3 c5 8. Nf3
Nc6 9. dxc5 Bxc5 10. O-O Bg4 11. h3 Bh5 12. Be2 a6 13. Bg5 Bxf3 14. Bxf3 d4 15.
Nd5 dxe3 16. Nxf6+ gxf6 17. Bxe3 Bxe3 18. fxe3 Qb6 19. Bxc6 Qxc6 20. Qg4+ Kh8
21. Qf5 Rae8 22. Rac1 Qe6 23. Qxf6+ Qxf6 24. Rxf6 Rxe3 25. Rc7 Kg7 26. Rb6 Rb8
27. Kf2 Re5 28. Rcxb7 Rxb7 29. Rxb7 a5 30. a4 Re6 31. Rb5 Ra6 32. Ke3 Kf6 33.
Kf4 h6 34. Ke4 Ke6 35. Kd4 Rd6+ 36. Kc3 Rc6+ 37. Kb3 Ra6 38. Kc4 Rc6+ 1-0

[Event "Sparkassen-Open A"]
[Site "Heusenstamm, Martinsee"]
[Date "2021.11.21"]
[Round "6.57"]
[White "Eurich, Jannik"]
[Black "Kürschner, Liam"]
[Result "1-0"]
[WhiteElo "1907"]
[BlackElo "1641"]
[PlyCount "83"]
[EventDate "2021.??.??"]
[WhiteTeam "SK Langen"]
[BlackTeam "SK Langen"]

1. e4 c5 2. Nc3 g6 3. f4 Bg7 4. Nf3 a6 5. a4 Nc6 6. g3 e6 7. Bg2 d5 8. O-O Nge7
9. d3 O-O 10. Nh4 d4 11. Ne2 h6 12. h3 Rb8 13. g4 f5 14. Ng3 Kh7 15. Kh2 Bd7
16. Rg1 b5 17. gxf5 exf5 18. e5 c4 19. Qe2 Na5 20. Nf3 Qb6 21. Qf2 Nec6 22.
axb5 axb5 23. Bd2 cxd3 24. Bxa5 Nxa5 25. Qxd4 Nc4 26. Qxb6 Rxb6 27. b3 Ne3 28.
cxd3 Bc6 29. Ne1 Bxg2 30. Nxg2 Nc2 31. Ra7 Rc8 32. Nh4 Rbc6 33. Ngxf5 R6c7 34.
Rxc7 Rxc7 35. Rxg6 Bf8 36. Rf6 Kg8 37. Ng6 Rf7 38. Rxf7 Kxf7 39. Nxf8 Kxf8 40.
Kg3 b4 41. Kf3 Na1 42. Nd4 1-0